000 00355nam a2200133Ia 4500
008 220217s9999||||xx |||||||||||||| ||und||
020 _a817409203X
082 _a621.815
100 _aNagpal G.R
_99472
245 0 _aTool engineering design
260 _aKhanna publishers
_bNew Delhi
_c2013
300 _aXVII, 705p.
_b200
650 _aMACHINE TOOLS
999 _c185846
_d185846